01675nam a22002057a 4500008004100000020002100041040001800062041000800080245008100088246002300169260006800192300007000260504005300330505094200383650002301325651002701348651002601375700002301401730004501424130821s2001 enkab gr eng  a0192854410cpbk. aCo-BoUCMbspa00aeng04aThe Oxford illustrated history of prehistoric Europeceditor Barry Cunliffe.30aPrehistoric Europe aOxford (Oxfordshire, Inglaterra)bOxford University Pressc2001 aix, 532 páginas, [24] páginas of platesbilustraciones, mapas aIncluye referencias bibliográficas e índice.0 aThe peopling of Europe, 700,000-40,000 years before the present / Clive Gamble -- The Upper Palaeolithic revolution / Paul Mellars -- The Mesolithic Age / Steven J. Mithen -- The first farmers / Alasdair Whittle -- The transformation of early agrarian Europe : the later Neolithic and Copper Ages, 4500-2500 BC / Andrew Sherratt -- The palace civilizations of Minoan Crete and Mycenaean Greece, 2000-1200 BC / K.A. Wardle -- The emergence of élites : earlier Bronze Age Europe, 2500-1300 BC / Andrew Sherratt -- The collapse of Aegean civilization at the end of the late Bronze Age / Mervyn Popham -- Reformation in barbarian Europe, 1300-600 BC / Anthony Harding -- Iron Age societies in Western Europe and beyond, 800-140 BC / Barry Cunliffe -- Thracians, Scythians, and Dacians, 800 BC-AD 300 / Timothy Taylor -- The impact of Rome on barbarian society, 140 BC-AD 300 / Barry Cunliffe -- Barbarian Europe, AD 300-700 / Malcolm Todd.04aHistoria de Europa aEuropaxAntigüedades aEuropaxArqueología1 aCunliffe, Barry W.02aOxford illustrated prehistory of Europe.